Radiofrequency acoustic passive wireless sensors – Interrogation strategies (notice n° 1788075)
[ vue normale ]
| 000 -LEADER | |
|---|---|
| fixed length control field | 00560cam a2200157 4500500 |
| 005 - DATE AND TIME OF LATEST TRANSACTION | |
| control field | 20260322014317.0 |
| 041 ## - LANGUAGE CODE | |
| Language code of text/sound track or separate title | fre |
| 042 ## - AUTHENTICATION CODE | |
| Authentication code | dc |
| 100 10 - MAIN ENTRY--PERSONAL NAME | |
| Personal name | Friedt, Jean-Michel |
| Relator term | author |
| 245 00 - TITLE STATEMENT | |
| Title | Radiofrequency acoustic passive wireless sensors – Interrogation strategies |
| 260 ## - PUBLICATION, DISTRIBUTION, ETC. | |
| Date of publication, distribution, etc. | 2026.<br/> |
| 500 ## - GENERAL NOTE | |
| General note | 55 |
| 700 10 - ADDED ENTRY--PERSONAL NAME | |
| Personal name | Ballandras, Sylvain |
| Relator term | author |
| 786 0# - DATA SOURCE ENTRY | |
| Note | Electronics | - | 2026-03-05 | p. 23-23 |
| 856 41 - ELECTRONIC LOCATION AND ACCESS | |
| Uniform Resource Identifier | <a href="https://stm.cairn.info/materials-for-electronics-and-associated-devices--bdti42271210-e3212-page-23?lang=en&redirect-ssocas=7080">https://stm.cairn.info/materials-for-electronics-and-associated-devices--bdti42271210-e3212-page-23?lang=en&redirect-ssocas=7080</a> |
Pas d'exemplaire disponible.




Réseaux sociaux